Κατάλογος Βιβλιοθηκών Mediterranean College

Strategic Management / Competitiveness and Globalization Concepts (Record no. 3310)

MARC details
000 -LEADER
fixed length control field 01775cam a22002294a 4500
005 - ΗΜΕΡΟΜΗΝΙΑ ΚΑΙ ΩΡΑ ΤΕΛΕΥΤΑΙΑΣ ΕΝΗΜΕΡΩΣΗΣ
Πεδίο ελέγχου 20250605164111.0
008 - FIXED-LENGTH DATA ELEMENTS--GENERAL INFORMATION
Πεδίο ελέγχου σταθερού μήκους 250528s ||||||||||||||||||||||||d
035 ## - SYSTEM CONTROL NUMBER
System control number 17911
020 ## - ISBN
ISBN 031404339X
040 ## - ΠΗΓΗ ΚΑΤΑΛΟΓΟΓΡΑΦΗΣΗΣ
Φορέας πρωτότυπης καταλογογράφησης MC Athens Campus Library
Γλώσσα καταλογογράφησης Ελληνικά, Μοντέρνα (1453-)
Modifying agency MC Athens Campus Library
Κανόνες περιγραφικής καταλογογράφησης AACR2
245 1# - ΤΙΤΛΟΣ ΚΑΙ ΔΗΛΩΣΗ ΥΠΕΥΘΥΝΟΤΗΤΑΣ
Τίτλος Strategic Management / Competitiveness and Globalization Concepts
260 ## - PUBLICATION, DISTRIBUTION, ETC.
Name of publisher, distributor, etc. West Publishing Company,
Date of publication, distribution, etc. 1995
300 ## - PHYSICAL DESCRIPTION
Extent 408
505 0# - FORMATTED CONTENTS NOTE
Formatted contents note Preface, Strategic Management Inputs, Strategic Management and Strategic Competitiveness, The External Environment: Opportunities and Treats and Industry Competition and Competitor Analysis, The Internal Environment: Resources and Capabilities and Core Competencies, Business-Level Strategy, Competitive Dynamics, Corporate-Level Strategy, Acquisition and Restructuring Strategies, International Strategy, Corporate Governance, Structure and Control, Strategic Leadership, Corporate Entepreneurship and Innovation, Preparing an Effective Case Analysis, Name and Company and Subject Index.
520 ## - SUMMARY, ETC.
Summary, etc. Preface, Strategic Management Inputs, Strategic Management and Strategic Competitiveness, The External Environment: Opportunities and Treats and Industry Competition and Competitor Analysis, The Internal Environment: Resources and Capabilities and Core Competencies, Business-Level Strategy, Competitive Dynamics, Corporate-Level Strategy, Acquisition and Restructuring Strategies, International Strategy, Corporate Governance, Structure and Control, Strategic Leadership, Corporate Entepreneurship and Innovation, Preparing an Effective Case Analysis, Name and Company and Subject Index.
700 1# - ΠΡΟΣΘΕΤΗ ΑΝΑΓΡΑΦΗ--ΦΥΣΙΚΟ ΠΡΟΣΩΠΟ
Personal name Hitt Michael A
9 (RLIN) 2762
700 1# - ΠΡΟΣΘΕΤΗ ΑΝΑΓΡΑΦΗ--ΦΥΣΙΚΟ ΠΡΟΣΩΠΟ
Personal name Hoskisson Robert E
9 (RLIN) 4208
700 1# - ΠΡΟΣΘΕΤΗ ΑΝΑΓΡΑΦΗ--ΦΥΣΙΚΟ ΠΡΟΣΩΠΟ
Personal name Ireland Duane R
9 (RLIN) 1301
942 ## - ADDED ENTRY ELEMENTS (KOHA)
Koha item type Books
Holdings
Τύπος τεκμηρίου Βιβλιοθήκη Τρέχουσα τοποθεσία Barcode Αριθμός εισαγωγής Ημερομηνία απόκτησης Ταξιθετικό σύμβολο Αριθμός αντιτύπου Κατάσταση απόσυρσης Κατάσταση χαμένου Κατάσταση κατεστραμμένου Μη δανεισμός Σύνολο δανεισμών Ημερομηνία τελευταίας εμφάνισης Η τιμή ισχύει από
Books MC Athens Campus Library MC Athens Campus Library 9780000033093 1679 05/06/2025 658.4/012 HIT 1           05/06/2025 05/06/2025

MC Athens Campus Library
Πατησίων 94 & Κοδριγκτώνος 13, 104 34
Πελλήνης 8 & Πατησίων 107, 112 51
Τ: +30 210 8899600

MC Thessaloniki Campus Library
Ίωνος Δραγούμη 21, 54625 | Ίωνος Δραγούμη 15, 54625
Τ: +30 2310 287779 – Τ: +30 2314 440300